000 00828nam a2200205Ia 4500
008 0000002002 sp z 0000000000spa00
090 _aPSP00 B27b
100 1 _aBerrutti, Luis
245 1 0 _aBerrutti
_b: horcajuelo de la sierra
300 _a24 p.
_c/ 26 cm.
500 _aExposición realizada en el Museo Etnológico y Planta Urbana, Junio 28 Julio 28, 2002 \ Con el patronazgo del maestro venezolano Jesús Rafael Soto (q.e.p.d.)
600 0 0 _aBERRUTTI, LUIS. /
_xTRABAJOS PICTORICOS \ BERRUTTI, LUIS. /
_xTRABAJOS ESCULTORICOS
650 1 4 _a ARTE CONTEMPORANEO ESPAÑOL
650 1 4 _aARTISTAS PLASTICOS ESPAÑOLES
650 1 4 _xCATALOGOS
650 1 4 _aESCULTURA ESPAÑOLA
650 1 4 _xEXPOSICIONES
650 1 4 _aPINTURA ESPAÑOLA
999 _c1139
_d1139
260 _a[Madrid] : Museo Etnológico y Planta Urbana
_c2002